书目信息 |
| 题名: |
量具量仪的使用和保养
|
|
| 作者: | 梁国明 著 | |
| 分册: | ||
| 出版信息: | 北京 北京出版社 1982.6 |
|
| 页数: | 223页 | |
| 开本: | 20cm | |
| 丛书名: | ||
| 单 册: | ||
| 中图分类: | TH71 | |
| 科图分类: | ||
| 主题词: | 计量仪器 | |
| 电子资源: | ||
| ISBN: | ||
| 000 | 00532nam0 2200193 45 | |
| 001 | 0312221749 | |
| 005 | 20060815154816.65 | |
| 010 | @dCNY0.60 | |
| 091 | @a15071.46 | |
| 100 | @a20031222d1982 km y0chiy0120 ea | |
| 101 | @achi | |
| 200 | 1 | @a量具量仪的使用和保养@ALiang Ju Liang Yi De Shi Yong He Bao Yang@f梁国明著@FLiang Guo Ming Zhu |
| 210 | @a北京@c北京出版社@d1982.6 | |
| 215 | @a223页@d20cm | |
| 606 | 0 | @a计量仪器 |
| 690 | @aTH71@v3 | |
| 701 | 0 | @a梁国明@4著 |
| 801 | @aCN@bTSTCL@c20060815 | |
| 905 | @dTH71@e10@f3@b147679-681 | |
| 量具量仪的使用和保养/梁国明著.-北京:北京出版社,1982.6 |
| 223页;20cm |
| ISBN :CNY0.60 |
| ● |
| 相关链接 |
|
|
|
|
正题名:量具量仪的使用和保养
索取号:TH71/10
 
预约/预借
| 序号 | 登录号 | 条形码 | 馆藏地/架位号 | 状态 | 备注 |
| 1 | 0147679 | 001365249 | 第三借阅区/ [索取号:TH71/10] | 在馆 | |
| 2 | 0147680 | 001365203 | 密集书库/ [索取号:TH71/10] | 在馆 | |
| 3 | 0147681 | 001365169 | 密集书库/ [索取号:TH71/10] | 在馆 | |
| 4 | 0147682 | 001365846 | 第二样本阅览室/ [索取号:TH71/10] | 在馆 | |
| 5 | 0458579 | 204585797 | 密集书库/ [索取号:TH71/10] | 在馆 | |
| 6 | 0458580 | 204585804 | 密集书库/ [索取号:TH71/10] | 在馆 | |
| 7 | 0458581 | 204585813 | 密集书库/ [索取号:TH71/10] | 在馆 |